Indian shipping : (Record no. 19305)

MARC details
000 -LEADER
fixed length control field 00985cam a22002771 4500
001 - CONTROL NUMBER
control field 9635381
003 - CONTROL NUMBER IDENTIFIER
control field BDDh-ASL
005 - DATE AND TIME OF LATEST TRANSACTION
control field 20231015025754.0
008 - FIXED-LENGTH DATA ELEMENTS--GENERAL INFORMATION
fixed length control field 760122s19121999ii f b 001 0 eng
010 ## - LIBRARY OF CONGRESS CONTROL NUMBER
LC control number 12012963
035 ## - SYSTEM CONTROL NUMBER
System control number (OCoLC)1941557
040 ## - CATALOGING SOURCE
Original cataloging agency DLC
Transcribing agency MeCasM
Modifying agency BDDh-ASL
-- DLC
042 ## - AUTHENTICATION CODE
Authentication code premarc
050 00 - LIBRARY OF CONGRESS CALL NUMBER
Classification number HE879
Item number .M6
082 ## - DEWEY DECIMAL CLASSIFICATION NUMBER
Classification number 954
Item number MOI
100 1# - MAIN ENTRY--PERSONAL NAME
Personal name Mookerji, Radhakumud,
Dates associated with a name 1884-1964.
245 10 - TITLE STATEMENT
Title Indian shipping :
Remainder of title a history of the sea-borne trade and maritime activity of the Indians from the earliest times /
Statement of responsibility, etc. by Radhakumud Mookerji.
260 ## - PUBLICATION, DISTRIBUTION, ETC.
Place of publication, distribution, etc. Bombay,
-- London,
-- New York [etc.]
Name of publisher, distributor, etc. Longmans, Green and co.,
Date of publication, distribution, etc. 1912.
-- 1999.
300 ## - PHYSICAL DESCRIPTION
Extent xxvii, 283, [1] p.
Other physical details front., plates.
Dimensions 22 cm.
500 ## - GENERAL NOTE
General note Printed in Great Britain.
504 ## - BIBLIOGRAPHY, ETC. NOTE
Bibliography, etc. note "List of authorities consulted": p. xxi-xxvii.
650 #0 - SUBJECT ADDED ENTRY--TOPICAL TERM
Topical term or geographic name entry element Shipping
Geographic subdivision India
General subdivision History.
651 #0 - SUBJECT ADDED ENTRY--GEOGRAPHIC NAME
Geographic name India
General subdivision Commerce
-- History.
906 ## - LOCAL DATA ELEMENT F, LDF (RLIN)
a 7
b cbc
c oclcrpl
d u
e ncip
f 19
g y-gencatlg
942 ## - ADDED ENTRY ELEMENTS (KOHA)
Source of classification or shelving scheme Dewey Decimal Classification
Koha item type Books
Holdings
Withdrawn status Lost status Source of classification or shelving scheme Damaged status Not for loan Collection code Home library Current library Shelving location Date acquired Source of acquisition Total Checkouts Full call number Barcode Date last seen Copy number Price effective from Koha item type
    Dewey Decimal Classification     Non-fiction Asiatic Society Library Asiatic Society Library Sirajul Islam Collection 11/23/2020 Donated by Professor Sirajul Islam, FRHS   954 MOI 102620 11/23/2020 C-1 11/23/2020 Books

Powered by Koha